Statistiques concernant Pays les plus proches de Suisse - une minute sprint

Cliquez ici pour prendre le quiz!

Statistiques générales

  • Ce quiz a été pris 419 fois
  • Le résultat moyen est 15 sur 20

Statistiques - réponses

kmpays% Correct
0France
100%
0Italie
99%
0Allemagne
98%
0Autriche
97%
0Liechtenstein
92%
254Belgique
88%
468Espagne
81%
227Luxembourg
74%
224Slovénie
73%
236Monaco
69%
316Tchèquie
69%
515Vatican
69%
370Pays-Bas
68%
539Pologne
68%
310Saint-Marin
65%
261Croatie
64%
504Slovaquie
63%
428Hongrie
62%
515Andorre
48%
439Bosnie-Herzégovine
36%

Distribution des résultats

Percentile par nombre de réponses

% des personnes avec chaque résultat

Votre développement - résultats

Vous n’avez pas pris ce quiz